000 nam a22 a 4500
999 _c2866
_d2866
003 AKMAL
005 20170518143352.0
008 170518s2008 my e a001 0 may d
020 _a9789833827619 (kkt.) :
_cRM31.00
039 9 _a201208281550
_bnoraini_y
_c201112081032
_dzuraidahs
_c201112061422
_dnoraini_y
_c201112061418
_dnoraini_y
040 _aAKMAL
_cAKMAL
049 _aklpmal
082 0 4 _a658 MAR
_222
090 0 0 _a658
_bMAR
090 2 0 _a658
_bMAR
100 0 _aMardzelah Makhsin
_96037
245 1 0 _aHisbah :
_bsistem pengawasan dan etika pengurusan Islam /
_cMardzelah Makhsin
260 _aSintok, Kedah :
_bPenerbitan Universiti Utara Malaysia,
_c2008
300 _axiv, 125ms. ;
_c21cm.
500 _aMengandungi indeks
504 _aBibliografi : p. 115-123
650 1 0 _aManagement
_xReligious aspects
_xIslam
_91905
942 _2ddc
_cBOOK